Statistics for Rami Malek Filmography

Click here to take the quiz!

General Stats

  • This quiz has been taken 59 times
    (7 since last reset)
  • The average score is 16 of 50

Answer Stats

TypeYearName% Correct
Film2018Bohemian Rhapsody
100%
TV Show2015-2019Mr. Robot
83%
Film2006Night at the Museum
83%
Film2009Night at the Museum: Battle of the Smithsonian
83%
Film2014Night at the Museum: Secret of the Tomb
67%
Film2021No Time to Die
67%
Podcast2021No Time to Die: The Official James Bond Podcast
67%
Film2023Oppenheimer
67%
Film2022Amsterdam
50%
Web Series2017-2018BoJack Horseman
33%
Film2016Buster's Mal Heart
33%
Film2020Dolittle
33%
TV Show2004Gilmore Girls
33%
Film2017Papillon
33%
Short Documentary2016Project X
33%
TV Show2021Saturday Night Live
33%
Film2013Short Term 12
33%
Film2024The Amateur
33%
TV Show2012The Legend of Korra
33%
Video Game2014The Legend of Korra
33%
Film2021The Little Things
33%
TV Mini-Series2010The Pacific
33%
Film2012The Twilight Saga: Breaking Dawn - Part 2
33%
TV Show2005-2007The War at Home
33%
TV Show201024
17%
Film2013Ain't Them Bodies Saints
17%
TV Show2012Alcatraz
17%
Short Film2013Back Beyond
17%
Film2012Battleship
17%
TV Show2014Believe
17%
Podcast2019-PresentBlackout
17%
Film2014Da Sweet Blood of Jesus
17%
TV Short2019El Hormiguero: Vacaciones en el Titanic
17%
Theater2002Fascination
17%
Video Game2004Halo 2
17%
Theater2004Johnny Boy
17%
Film2011Larry Crowne
17%
TV Show2005Medium
17%
Film2014Need for Speed
17%
FilmTBANuremberg
17%
Film2013Oldboy
17%
TV Show2005Over There
17%
Theater2004Shoes
17%
Theater2002The Bebop Heard in Okinawa
17%
Short Film2019The Ben Cobb Show
17%
Theater2007The Credeaux Canvas
17%
Film2012The Master
17%
Video Game2015Until Dawn
17%
Commercial2019Amazon Echo
0%
Short Film2016Mr. Robot Virtual Reality Experience
0%

Score Distribution

Percentile by Number Answered

Percent of People with Each Score

Your Score History

You have not taken this quiz since the last reset